• 首页
  • 本馆介绍
  • 公告通知
  • 最新文献
  • 馆藏检索
  • 电子资源
  • 读者导购
  • 参考咨询
  • 我的图书馆
  • 登录
  • 详细信息显示
  • 放入我的书架
  • 预约/预借图书
  • 作者相关作品
  • 分类相关作品
  • 丛书相关作品
  • 出版社相关作品

书目信息

  • 表格格式
  • 工作单格式
  • 卡片格式
题名:
考研英语报刊真题题源阅读精选精练
    
 
作者: 周雷 主编
分册:   冲刺篇
出版信息: 北京   中国石化出版社  2013.05
页数: 263页
开本: 26cm
丛书名:
单 册:
中图分类: H319.37 , H310.421
科图分类:
主题词: 英语--报刊--阅读教学--研究生--入学考试--升学参考资料 , 英语 , 报刊 , 阅读教学
电子资源:
ISBN: 978-7-5114-2130-2
000 01037nam0 2200313 450
001 012013130267
005 20130627160442.65
010    @a978-7-5114-2130-2@dCNY32.00
100    @a20130607d2013 em y0chiy0110 ea
101 0  @achi@aeng
102    @aCN@b110000
105    @ak z 000yy
106    @ar
200 1  @a考研英语报刊真题题源阅读精选精练@9kao yan ying yu bao kan zhen ti ti yuan yue dou jing xuan jing lian@i冲刺篇@f周雷主编
205    @a2版
210    @a北京@c中国石化出版社@d2013.05
215    @a263页@d26cm
300    @a英语一、二通用
330    @a本书介绍英语考研的相关知识,包括:恐龙与鸟的关系;在线汽车租用业务;美国的教育制度;美国学校的评分制度;纪录片《难以忽视的真相》等内容。
333    @a研究生类教材
606 0  @a英语@x报刊@x阅读教学@x研究生@x入学考试@j升学参考资料
606 0  @a英语
606 0  @a报刊
606 0  @a阅读教学
690    @aH319.37@v5
690    @aH310.421@v4
701  0 @a周雷@9zhou lei@4主编
801  0 @aCN@b人天书店@c20130607
905    @b546804-07@dH310.421@e1580:2=2@f4
    
    考研英语报刊真题题源阅读精选精练.冲刺篇/周雷主编.-2版.-北京:中国石化出版社,2013.05
    263页;26cm
    英语一、二通用.-使用对象:研究生类教材
    
    ISBN 978-7-5114-2130-2:CNY32.00
    本书介绍英语考研的相关知识,包括:恐龙与鸟的关系;在线汽车租用业务;美国的教育制度;美国学校的评分制度;纪录片《难以忽视的真相》等内容。
●
相关链接 在E读中查询图书 在五车中查询图书 在当当中查询图书 在豆瓣中查询图书


正题名:考研英语报刊真题题源阅读精选精练     索取号:H310.421/1580:2=2         预约/预借

序号 登录号 条形码 馆藏地/架位号 状态 备注
1 546804   205468046   第二样本阅览室/ [索取号:H310.421/1580:2=2] 在馆    
2 546805   205468055   第四借阅区/ [索取号:H310.421/1580:2=2] 在馆    
3 546806   205468064   第四借阅区/ [索取号:H310.421/1580:2=2] 在馆    
4 546807   205468073   第四借阅区/ [索取号:H310.421/1580:2=2] 在馆    
唐山师范学院图书馆 欢迎您!
大连网信软件有限公司© 版权所有